Psicoterapia e Psicologia
Đã lưu trong:
| Tác giả chính: | |
|---|---|
| Định dạng: | Sách |
| Ngôn ngữ: | Tiếng Bồ Đào Nha |
| Được phát hành: |
Sao Paulo
Jacob Pinheiro Goldberg
1979
|
| Phiên bản: | 1a. ed |
| Những chủ đề: | |
| Các nhãn: |
Thêm thẻ
Không có thẻ, Là người đầu tiên thẻ bản ghi này!
|
MARC
| LEADER | 00000cam a2200000 a 4500 | ||
|---|---|---|---|
| 001 | UCF8620 | ||
| 003 | CL-VaPUC | ||
| 008 | 130930e19790000bl |||||||||||||||||por|d | ||
| 082 | 0 | 4 | |a 616.8914 |b GOL |2 21 |
| 100 | 0 | |a Goldberg, Jacob Pinheiro |e author |9 570733 | |
| 245 | 1 | 0 | |a Psicoterapia e Psicologia |
| 250 | |a 1a. ed | ||
| 300 | |a 210 p | ||
| 942 | |c BK | ||
| 945 | |d 20130930 13:19:00 |a dcastane | ||
| 260 | |a Sao Paulo |b Jacob Pinheiro Goldberg |c 1979 | ||
| 650 | 7 | |a PSICOTERAPIA |2 CL-VaPUC |9 570734 | |
| 583 | |a last modification |c 20130930 13:19:00 |k Rodrigo Vera | ||
| 999 | |c 353187 |d 353185 | ||
| 952 | |0 0 |1 0 |3 erb |4 0 |6 616_891400000000000_GOL_1979 |7 0 |8 P |9 458266 |a BIBEDU |b BIBEDU |c BIBEDU_PB |d 2019-11-23 |i 5002656 |o 616.8914 GOL 1979 |p 5002656 |r 2024-01-25 |w 2019-11-23 |y BK |z Catalogado en:20130930 |k PSI | ||